000 02912am aa2200445i 44500
003 PE-LiUPU
005 20251103110053.0
008 2309s2023 pe#a rb 001 0 spa d
020 _a9786123178956
035 _aPE-LiUPU000038
040 _aPE-LiUPU
_bspa
_cPE-LiUPU
_erda
082 0 4 _a712.09854
_bL864p
_223
100 1 _aLópez, Susana,
_eautora.
_97318
245 1 0 _aProyecto Especial Paisajístico Río Rímac /
_cpor Susana López y Pedro Mendoza.
250 _aPrimera edición.
264 1 _aLima :
_bPontificia Universidad Católica del Perú, Fondo Editorial ;
_bFacultad de Arquitectura y Urbanismo,
_c2023.
300 _a139 páginas :
_bilustraciones, fotografías, planos, mapas ;
_c27 cm.
336 _atexto
_btxt
_2rdacontent
337 _asin mediación
_bn
_2rdamedia
338 _avolumen
_bnc
_2rdacarrier
490 1 _aColección Cuerpo Docente ;
500 _aImpreso en los talleres de Tarea Asociación Gráfica Educativa, Lima (setiembre 2023).
500 _aProyecto desarrollado en el marco del Programa Municipal para la Recuperación del Centro Histórico de Lima (PROLIMA).
504 _aIncluye bibliografía (p. 134).
505 0 _aPresentación -- Introducción -- Evolución histórica: de corredor verde a eje vial -- Proyecto Especial Paisajístico Río Rímac – PEPPR -- Agua y paisaje -- Intervenciones -- Mirada al futuro -- Detrás del proyecto -- Bibliografía.
520 _aEste libro presenta el Proyecto Especial Paisajístico Río Rímac (PEPRR), iniciativa de PROLIMA para recuperar el valor ambiental, histórico y urbano del río Rímac como eje ecológico y estructurante de Lima. A través de estudios, lineamientos y estrategias de intervención, se propone un sistema de espacios públicos sostenibles, accesibles y resilientes frente al cambio climático, buscando mejorar la calidad de vida urbana y paisajística del Centro Histórico de Lima y su entorno metropolitano.
546 _aTexto en español.
650 1 4 _aPaisajismo urbano
_zPerú
_zLima.
_97608
650 2 4 _aArquitectura sustentable
_zPerú
_zLima.
_97609
650 2 4 _aArquitectura del paisaje urbano
_zPerú
_zLima.
_97610
651 2 4 _aRímac, Valle del
_xCondiciones ambientales.
_97611
700 _aMendoza, Pedro,
_eautor.
_97321
710 _aPontificia Universidad Católica del Perú.
_bFacultad de Arquitectura y Urbanismo.
_9534
710 _aFondo Editorial de la Pontificia Universidad Católica del Perú,
_eeditor.
_bFondo Editorial,
_97281
830 0 _aColección Cuerpo Docente (Pontificia Universidad Católica del Perú. Facultad de Arquitectura y Urbanismo) ;
_v05.
856 4 0 _uhttps://arquitectura.pucp.edu.pe/publicaciones
_zSitio web de Arquitectura PUCP.
942 _2ddc
_cBK
980 _818226
_gJaime Vilcazán Jefe de Análisis Documental
999 _c62804
_d62803